<?xml version="1.0" encoding="UTF-8"?>
<record
    xmlns:xsi="http://www.w3.org/2001/XMLSchema-instance"
    xsi:schemaLocation="http://www.loc.gov/MARC21/slim http://www.loc.gov/standards/marcxml/schema/MARC21slim.xsd"
    xmlns="http://www.loc.gov/MARC21/slim">

  <leader>01309nam a2200313 i 4500</leader>
  <controlfield tag="001">186043</controlfield>
  <controlfield tag="003">SpMaBN</controlfield>
  <controlfield tag="005">20250814063258.0</controlfield>
  <controlfield tag="008">160905e1983    sp a   |r     001 0 spa  </controlfield>
  <datafield tag="017" ind1=" " ind2=" ">
    <subfield code="a">M 38407-1983 </subfield>
    <subfield code="b">Oficina Dep&#xF3;sito Legal Madrid </subfield>
  </datafield>
  <datafield tag="020" ind1=" " ind2=" ">
    <subfield code="a">84-206-9995-0</subfield>
  </datafield>
  <datafield tag="080" ind1=" " ind2=" ">
    <subfield code="a">52"16" </subfield>
  </datafield>
  <datafield tag="100" ind1="1" ind2=" ">
    <subfield code="9">53419</subfield>
    <subfield code="a">Galilei, Galileo,</subfield>
    <subfield code="d">1564-1642</subfield>
    <subfield code="e">aut</subfield>
  </datafield>
  <datafield tag="245" ind1="1" ind2="3">
    <subfield code="a">El mensaje y el mensajero sideral / </subfield>
    <subfield code="c">Galileo-Kepler ; introducci&#xF3;n y traducci&#xF3;n de Carlos Sol&#xED;s Santos</subfield>
  </datafield>
  <datafield tag="260" ind1=" " ind2=" ">
    <subfield code="a">Madrid : </subfield>
    <subfield code="b">Alianza Editorial, </subfield>
    <subfield code="c">[1983]</subfield>
  </datafield>
  <datafield tag="300" ind1=" " ind2=" ">
    <subfield code="a">212 p&#xE1;ginas : </subfield>
    <subfield code="b">ilustraciones ; </subfield>
    <subfield code="c">18 cm</subfield>
  </datafield>
  <datafield tag="490" ind1="1" ind2=" ">
    <subfield code="a">El libro de bolsillo ; </subfield>
    <subfield code="v">995. </subfield>
    <subfield code="p">Ciencia y t&#xE9;cnica</subfield>
    <subfield code="9">181079</subfield>
  </datafield>
  <datafield tag="500" ind1=" " ind2=" ">
    <subfield code="a">&#xCD;ndice</subfield>
  </datafield>
  <datafield tag="505" ind1="0" ind2=" ">
    <subfield code="a">Galileo "La gaceta sideral"; Kepler "Conversaci&#xF3;n con el mensajero sideral"; Ap&#xE9;ndices</subfield>
  </datafield>
  <datafield tag="534" ind1=" " ind2=" ">
    <subfield code="p">Traducci&#xF3;n de: Sidereus nuncius: dissertatio cum nuncio sidereo</subfield>
  </datafield>
  <datafield tag="650" ind1=" " ind2="4">
    <subfield code="a">Astronom&#xED;a-</subfield>
    <subfield code="v">Obras anteriores a 1800</subfield>
    <subfield code="9">10389</subfield>
  </datafield>
  <datafield tag="700" ind1="1" ind2=" ">
    <subfield code="a">Kepler, Johannes,</subfield>
    <subfield code="d">1571-1630</subfield>
    <subfield code="e">aut</subfield>
    <subfield code="9">67878</subfield>
  </datafield>
  <datafield tag="700" ind1="1" ind2=" ">
    <subfield code="a">Sol&#xED;s Santos, Carlos,</subfield>
    <subfield code="d">1945-</subfield>
    <subfield code="e">aui</subfield>
    <subfield code="e">trl</subfield>
    <subfield code="9">107220</subfield>
  </datafield>
  <datafield tag="830" ind1=" " ind2="3">
    <subfield code="a">El libro de bolsillo ; </subfield>
    <subfield code="v">995.</subfield>
    <subfield code="p">Ciencia y t&#xE9;cnica</subfield>
    <subfield code="9">181079</subfield>
  </datafield>
  <datafield tag="852" ind1=" " ind2=" ">
    <subfield code="a">ES-MaACL</subfield>
    <subfield code="c">DEPO2</subfield>
    <subfield code="h">Donat. Miguel A. Velasco</subfield>
    <subfield code="j">L-30629 </subfield>
  </datafield>
  <datafield tag="942" ind1=" " ind2=" ">
    <subfield code="2">udc</subfield>
    <subfield code="c">MONOGRAFIA</subfield>
    <subfield code="n">0</subfield>
  </datafield>
  <datafield tag="999" ind1=" " ind2=" ">
    <subfield code="c">186043</subfield>
    <subfield code="d">186043</subfield>
  </datafield>
  <datafield tag="952" ind1=" " ind2=" ">
    <subfield code="0">0</subfield>
    <subfield code="1">0</subfield>
    <subfield code="2">udc</subfield>
    <subfield code="4">0</subfield>
    <subfield code="7">0</subfield>
    <subfield code="a">ATENEOM</subfield>
    <subfield code="b">ATENEOM</subfield>
    <subfield code="c">DEPO2</subfield>
    <subfield code="d">2016-09-05</subfield>
    <subfield code="e">DONACION</subfield>
    <subfield code="l">0</subfield>
    <subfield code="o">L-30629</subfield>
    <subfield code="p">1196138</subfield>
    <subfield code="r">2023-02-23 00:00:00</subfield>
    <subfield code="y">MONOGRAFIA</subfield>
  </datafield>
</record>
